Human behavior in organization / (Record no. 709)

MARC details
000 -LEADER
fixed length control field 00580nam a22001937a 4500
005 - DATE AND TIME OF LATEST TRANSACTION
control field 20230127065458.0
008 - FIXED-LENGTH DATA ELEMENTS--GENERAL INFORMATION
fixed length control field 230127b |||||||| |||| 00| 0 eng d
020 ## - INTERNATIONAL STANDARD BOOK NUMBER
International Standard Book Number 978-971-23-5912-5
082 ## - DEWEY DECIMAL CLASSIFICATION NUMBER
Classification number Fil. 302.3 M491 2011
100 ## - MAIN ENTRY--PERSONAL NAME
Personal name Medina, Roberto G.
Relator term author
245 ## - TITLE STATEMENT
Title Human behavior in organization /
Statement of responsibility, etc. Dr. Roberto G. Medina
250 ## - EDITION STATEMENT
Edition statement 1st ed.
260 ## - PUBLICATION, DISTRIBUTION, ETC.
Place of publication, distribution, etc. Manila:
Name of publisher, distributor, etc. Rex Book Store
Date of publication, distribution, etc. c2011
300 ## - PHYSICAL DESCRIPTION
Extent x, 281p.:
Other physical details ill.
504 ## - BIBLIOGRAPHY, ETC. NOTE
Bibliography, etc. note Includes index
541 ## - IMMEDIATE SOURCE OF ACQUISITION NOTE
Accession number 3213 c.1, 3596 c.2, 3597 c.3, 4968 c.4
650 ## - SUBJECT ADDED ENTRY--TOPICAL TERM
Topical term or geographic name entry element Organizational behavior
650 ## - SUBJECT ADDED ENTRY--TOPICAL TERM
Topical term or geographic name entry element Human behavior
Holdings
Withdrawn status Lost status Source of classification or shelving scheme Damaged status Not for loan Home library Current library Date acquired Total Checkouts Full call number Barcode Date last seen Copy number Price effective from Koha item type Date last checked out
    Dewey Decimal Classification     ctu-moalboal ctu-moalboal 01/29/2014   Fil. 302.3 M491 2011 3213 01/27/2023 1 01/27/2023 Books-Filipiniana  
    Dewey Decimal Classification     ctu-moalboal ctu-moalboal 06/17/2014 1 Fil. 302.3 M491 2011 3596 05/04/2023 2 01/27/2023 Books-Filipiniana 03/22/2023
    Dewey Decimal Classification     ctu-moalboal ctu-moalboal 01/29/2014   Fil. 302.3 M491 2011 3597 01/27/2023 3 01/27/2023 Books-Filipiniana  
    Dewey Decimal Classification     ctu-moalboal ctu-moalboal 11/14/2016   Fil. 302.3 M491 2011 4968 01/27/2023 4 01/27/2023 Books-Filipiniana